[Event "Vienna Husek op-B"]
[Site "Vienna"]
[Date "2012.08.16"]
[Round "4"]
[White "Jirovec, Peter"]
[Black "Groebl, Markus"]
[Result "1/2-1/2"]
[WhiteElo "1881"]
[BlackElo "1783"]
[PlyCount "72"]
[EventDate "2012.08.13"]
[EventType "swiss"]
[EventRounds "7"]
[EventCountry "AUT"]
[SourceTitle "EXT 2014"]
[Source "ChessBase"]
[SourceDate "2013.11.20"]
[SourceVersion "1"]
[SourceVersionDate "2013.11.20"]
[SourceQuality "1"]

1. e4 e5 2. Nf3 Nc6 3. Bb5 a6 4. Ba4 Nf6 5. d3 d6 6. h3 Be7 7. 0-0 0-0 8. Nc3 b5 9. Bb3 Na5 10. Ne2 Be6 11. Bxe6 fxe6 12. b4 Nc6 13. c3 Nh5 14. Ng3 Nf4 15. Nh2 a5 16. bxa5 Rxa5 17. Nh5 Qe8 18. Nxf4 exf4 19. d4 Qa8 20. Qb3 Nd8 21. f3 c5 22. Rd1 c4 23. Qb1 e5 24. dxe5 dxe5 25. Ng4 Nc6 26. Rd5 Rd8 27. Qc2 Bh4 28. Qd2 h5 29. Rxd8+ Qxd8 30. Nf2 Qxd2 31. Bxd2 Be7 32. Kf1 b4 33. cxb4 Bxb4 34. Bxb4 Nxb4 35. Rc1 Rc5 36. a3 Na6 1/2-1/2